000 00817nam a22002657a 4500
005 20220329141223.0
008 971010s1987 r 00010 d
010 _a64623
011 _a65595
035 _a72652
082 _a636.4
_bR35
100 0 0 _aRamírez Necoechea, Ramiro.
_994166
245 _aEnfermedades de los cerdos
260 _aMéxico, D.F. :
_bDiana,
_c1987
300 _a583 p.
500 _aD98-181
590 _aBATCH-UPD
_b10
_c20130110
_lUCH01
_h1353
590 _aBATCH-UPD
_b10
_c20130410
_lUCH01
_h0849
590 _aBATCH-UPD
_b10
_c20130914
_lUCH01
_h1522
590 _aCONVERSION
_b10
_c20130109
_lUCH01
_h1335
650 1 4 _aGanado porcino
_xEnfermedades.
_945360
700 0 _aPijoán Aguadé, Carlos.
_988063
901 _aBK
949 _a636.4 R35
_bZA
_cLIBRO
_d-5368
_eLIBRO
_h4895
_i72652
_si
999 _c64623
_d64623